[Event "Barbera op"]
[Site "Barbera del Valles"]
[Date "2013.07.10"]
[Round "7"]
[White "Larsen, K."]
[Black "Fluvia Poyatos, Jordi"]
[Result "1-0"]
[WhiteElo "2270"]
[BlackElo "2445"]
[PlyCount "95"]
[EventDate "2013.??.??"]
[EventType "swiss"]
[EventRounds "9"]

1. Nf3 Nf6 2. b3 a5 3. a4 d5 4. Bb2 Bf5 5. g3 e6 6. Bg2 Be7 7. O-O O-O 8. d3
Nbd7 9. Nbd2 Nc5 10. Re1 h6 11. Ne5 c6 12. e4 Bh7 13. Qe2 Qb6 14. Rad1 Rad8 15.
Ng4 Nxg4 16. Qxg4 Bg6 17. h4 h5 18. Qe2 Qc7 19. Bf3 dxe4 20. dxe4 Bf6 21. Bxf6
gxf6 22. Bxh5 Qe5 23. Bxg6 fxg6 24. Nc4 Qc3 25. e5 Rxd1 26. Rxd1 b5 27. axb5
cxb5 28. Nd6 Qxe5 29. Qxe5 fxe5 30. Nxb5 e4 31. Re1 Rb8 32. Nc3 Rb4 33. Ra1 Nb7
34. Ra4 Rxa4 35. Nxa4 Kf7 36. Kf1 Kf6 37. Ke2 Ke5 38. Kd2 Nd6 39. Nb6 Nf5 40.
Nc4+ Kd4 41. Ne3 Ng7 42. c3+ Kc5 43. g4 Ne8 44. h5 gxh5 45. gxh5 Nf6 46. h6 Kd6
47. Ng4 e3+ 48. fxe3 1-0

[Event "Barbera op"]
[Site "Barbera del Valles"]
[Date "2013.07.10"]
[Round "7"]
[White "Ortiz Suarez, IR."]
[Black "Gagare, S."]
[Result "0-1"]
[WhiteElo "2612"]
[BlackElo "2419"]
[PlyCount "70"]
[EventDate "2013.??.??"]
[EventType "swiss"]
[EventRounds "9"]

1. e4 c5 2. Nf3 d6 3. d4 cxd4 4. Nxd4 Nf6 5. Nc3 g6 6. Be3 Bg7 7. f3 Nc6 8. Qd2
O-O 9. Bc4 Nxd4 10. Bxd4 Be6 11. Bb3 Qa5 12. O-O-O Rfc8 13. Kb1 b5 14. Rhe1
Bxb3 15. cxb3 Rab8 16. a3 b4 17. Na2 Qb5 18. a4 Qb7 19. e5 Nd5 20. exd6 Nc3+
21. bxc3 bxc3 22. Qc2 Qxb3+ 23. Qxb3 Rxb3+ 24. Kc2 Rb2+ 25. Kd3 Rxa2 26. Rxe7
Bxd4 27. d7 Rf8 28. Re8 Bf6 29. Ke3 Bd8 30. Kd3 Rd2+ 31. Rxd2 cxd2 32. Kxd2 f5
33. Kd3 Kf7 34. Re5 Bc7 35. Rc5 Bb6 0-1

[Event "Barbera op"]
[Site "Barbera del Valles"]
[Date "2013.07.10"]
[Round "7"]
[White "Perez Mañas, B."]
[Black "Bijlsma, N."]
[Result "1-0"]
[WhiteElo "2307"]
[BlackElo "2166"]
[PlyCount "97"]
[EventDate "2013.??.??"]
[EventType "swiss"]
[EventRounds "9"]

1. e4 c5 2. Nf3 d6 3. d4 cxd4 4. Nxd4 Nf6 5. Nc3 a6 6. Bg5 e6 7. f4 Qc7 8. Qe2
b5 9. e5 b4 10. exf6 bxc3 11. b3 Qc5 12. Rd1 Nc6 13. Qc4 Qxc4 14. Bxc4 Nxd4 15.
Rxd4 d5 16. Be2 g6 17. Bh4 Bb7 18. Kd1 Bd6 19. Be1 e5 20. fxe5 Bxe5 21. Rd3
Bxf6 22. Bf3 O-O 23. Bxc3 Bxc3 24. Rxc3 Rac8 25. Rxc8 Rxc8 26. Kd2 Kg7 27. Re1
Kf6 28. Re3 d4 29. Rd3 Bxf3 30. Rxf3+ Ke6 31. Rf4 Rc5 32. Rxd4 Rg5 33. Re4+ Kd6
34. Re2 Rd5+ 35. Kc3 Rc5+ 36. Kb4 Rb5+ 37. Ka4 f5 38. c4 Rc5 39. Kb4 Rc6 40.
Kc3 g5 41. Kd4 Rc8 42. Re5 Rf8 43. Ra5 Kc7 44. Rxa6 f4 45. Ra7+ Kb6 46. Rxh7 g4
47. Rg7 f3 48. gxf3 gxf3 49. Rg1 1-0

[Event "Barbera op"]
[Site "Barbera del Valles"]
[Date "2013.07.10"]
[Round "7"]
[White "Plukkel, S."]
[Black "Asis Gargatagli, H."]
[Result "0-1"]
[WhiteElo "2314"]
[BlackElo "2487"]
[PlyCount "90"]
[EventDate "2013.??.??"]
[EventType "swiss"]
[EventRounds "9"]

1. e4 c5 2. Nf3 g6 3. c3 Bg7 4. Bc4 d6 5. O-O Nf6 6. e5 dxe5 7. Nxe5 O-O 8. Re1
Nfd7 9. Nxf7 Rxf7 10. d4 cxd4 11. Bg5 Nf6 12. Bxf7+ Kxf7 13. cxd4 Nc6 14. Nc3
h6 15. Qb3+ Kf8 16. Be3 Na5 17. Qb4 Qb6 18. Qxb6 axb6 19. b3 e6 20. Bf4 Nc6 21.
Bc7 Kf7 22. Nb5 Nd5 23. Be5 Nxe5 24. dxe5 Ke7 25. Rac1 Bd7 26. Nc7 Ra5 27.
Nxd5+ Rxd5 28. f4 g5 29. g3 Bc6 30. Red1 Ra5 31. a4 h5 32. Rd4 gxf4 33. gxf4
Bh6 34. Kf2 Ra8 35. Rg1 Kf7 36. Rgd1 Kg6 37. Rg1+ Kf5 38. Ke3 b5 39. axb5 Bxb5
40. Rc1 Bc6 41. Rc2 Ra1 42. Rf2 Re1+ 43. Kd2 Rxe5 44. Rd8 Rd5+ 45. Rxd5+ Bxd5
0-1

[Event "Barbera op"]
[Site "Barbera del Valles"]
[Date "2013.07.10"]
[Round "7"]
[White "Prasca Sosa, R."]
[Black "Aryan, Ch"]
[Result "1/2-1/2"]
[WhiteElo "2426"]
[BlackElo "2122"]
[PlyCount "76"]
[EventDate "2013.??.??"]
[EventType "swiss"]
[EventRounds "9"]

1. e4 c5 2. Nf3 d6 3. d4 cxd4 4. Qxd4 Nc6 5. Bb5 Bd7 6. Bxc6 Bxc6 7. Nc3 Nf6 8.
Bg5 e6 9. O-O-O Be7 10. Kb1 Qa5 11. Qd3 O-O 12. h4 h6 13. Bd2 Qa6 14. Nd4 Qxd3
15. cxd3 Ng4 16. Be1 Rfc8 17. Nxc6 Rxc6 18. d4 Rac8 19. g3 Rb6 20. Rd3 Kf8 21.
f3 Nf6 22. g4 d5 23. g5 dxe4 24. fxe4 Ng4 25. gxh6 gxh6 26. Rg1 h5 27. Bg3 Bf6
28. e5 Be7 29. Ne4 Rb5 30. Rgd1 Rd5 31. Nc3 Rd7 32. Ne2 Nh6 33. Nf4 Nf5 34.
Nxh5 Nxh4 35. Nf6 Bxf6 36. exf6 Ng6 37. Rh1 Rd5 38. Rb3 b6 1/2-1/2

[Event "Barbera op"]
[Site "Barbera del Valles"]
[Date "2013.07.10"]
[Round "7"]
[White "Rios, CC."]
[Black "Vassallo Barroche, M."]
[Result "1-0"]
[WhiteElo "2360"]
[BlackElo "2434"]
[PlyCount "117"]
[EventDate "2013.??.??"]
[EventType "swiss"]
[EventRounds "9"]

1. d4 d6 2. c4 e5 3. Nf3 e4 4. Ng5 Nf6 5. Nc3 Qe7 6. Qc2 Bf5 7. f3 Nc6 8. fxe4
Bg6 9. Qa4 Qd7 10. e3 h6 11. Nh3 Nxe4 12. Nxe4 Bxe4 13. Nf2 Bg6 14. Be2 Be7 15.
O-O O-O 16. Bf3 Rab8 17. Qd1 Rfe8 18. e4 Qd8 19. Bh5 Bxh5 20. Qxh5 Bg5 21. Ng4
Bxc1 22. Qxf7+ Kh8 23. Raxc1 Qg5 24. Qf5 Nxd4 25. Qxg5 hxg5 26. Rce1 Re7 27.
Re3 Rbe8 28. Rh3+ Kg8 29. Rh5 Ne6 30. b4 Rf7 31. Rh8+ Kxh8 32. Rxf7 Kg8 33. Rf5
Rf8 34. Rxf8+ Kxf8 35. Kf2 Nf4 36. a3 Ke7 37. g3 Ng6 38. Ke3 Ke6 39. Kd4 b6 40.
b5 Ne5 41. h3 Nf3+ 42. Ke3 Ne5 43. Nxe5 Kxe5 44. Kd3 Kf6 45. Kd4 Ke6 46. a4 g4
47. hxg4 g5 48. e5 dxe5+ 49. Ke4 Kd6 50. Kf5 c6 51. Kxg5 cxb5 52. axb5 Kc5 53.
Kf5 Kd4 54. g5 e4 55. g6 e3 56. g7 e2 57. g8=Q e1=Q 58. Qd5+ Kc3 59. Qe5+ 1-0

[Event "Barbera op"]
[Site "Barbera del Valles"]
[Date "2013.07.10"]
[Round "7"]
[White "Rishi, S."]
[Black "Smith, T."]
[Result "1/2-1/2"]
[WhiteElo "2316"]
[BlackElo "2193"]
[PlyCount "44"]
[EventDate "2013.??.??"]
[EventType "swiss"]
[EventRounds "9"]

1. e4 c5 2. Ne2 d6 3. d4 cxd4 4. Nxd4 Nf6 5. Nc3 a6 6. h3 e6 7. g4 d5 8. exd5
Nxd5 9. Nde2 Bb4 10. Bd2 Nb6 11. Bg2 O-O 12. O-O Qc7 13. Bf4 e5 14. Bg3 Nc6 15.
f4 Be6 16. a3 Bc5+ 17. Kh1 Rad8 18. Qc1 Bd5 19. Nxd5 Nxd5 20. fxe5 Qc8 21. Be4
Nxe5 22. Bxe5 Rfe8 1/2-1/2

[Event "Barbera op"]
[Site "Barbera del Valles"]
[Date "2013.07.10"]
[Round "7"]
[White "Salazar, AC."]
[Black "Arjun, B."]
[Result "1-0"]
[WhiteElo "2200"]
[BlackElo "2298"]
[PlyCount "28"]
[EventDate "2013.??.??"]
[EventType "swiss"]
[EventRounds "9"]

1. e4 c6 2. d4 d5 3. Nc3 dxe4 4. Nxe4 Bf5 5. Ng3 Bg6 6. h4 h6 7. Nf3 Nd7 8. d5
Bh7 9. Bd3 Bxd3 10. Qxd3 e6 11. Bd2 Ngf6 12. O-O-O Be7 13. Kb1 Qc7 14. Ne5 Nxe5
1-0

[Event "Barbera op"]
[Site "Barbera del Valles"]
[Date "2013.07.10"]
[Round "7"]
[White "Saptarshi, R."]
[Black "Sequera Paolini, J."]
[Result "1/2-1/2"]
[WhiteElo "2447"]
[BlackElo "2394"]
[PlyCount "83"]
[EventDate "2013.??.??"]
[EventType "swiss"]
[EventRounds "9"]

1. e4 c5 2. Nf3 Nc6 3. d4 cxd4 4. Nxd4 Nf6 5. Nc3 e6 6. Ndb5 Bc5 7. Be3 Bxe3 8.
Nd6+ Ke7 9. fxe3 a6 10. e5 Ne8 11. Qd2 Nxe5 12. O-O-O Qc7 13. Nce4 Nxd6 14.
Nxd6 b6 15. Be2 f6 16. Bf3 Rb8 17. Rhf1 a5 18. Be2 Bb7 19. e4 Bc6 20. Qc3 Nf7
21. Qg3 Rbg8 22. Nf5+ Kd8 23. Nd6 Ke7 24. e5 Nxe5 25. Qa3 Kd8 26. Bf3 Rf8 27.
Rd4 b5 28. Bxc6 Nxc6 29. Rd2 b4 30. Qg3 Rhg8 31. Rfd1 Ne5 32. Qh4 h6 33. Re1
Ke7 34. Rxe5 g5 35. Nf5+ Kd8 36. Qe4 fxe5 37. Qa8+ Qc8 38. Qxa5+ Qc7 39. Qa8+
Qc8 40. Qa5+ Qc7 41. Qa8+ Qc8 42. Qa5+ 1/2-1/2

[Event "Barbera op"]
[Site "Barbera del Valles"]
[Date "2013.07.10"]
[Round "7"]
[White "Vehi Bach, VM."]
[Black "Sachdev, T."]
[Result "0-1"]
[WhiteElo "2308"]
[BlackElo "2430"]
[PlyCount "138"]
[EventDate "2013.??.??"]
[EventType "swiss"]
[EventRounds "9"]

1. e4 e5 2. Nf3 Nc6 3. Nc3 Nf6 4. Bb5 Bb4 5. O-O O-O 6. d3 d6 7. Ne2 Ne7 8. c3
Ba5 9. Ng3 c6 10. Ba4 h6 11. h3 Bc7 12. Re1 Ng6 13. d4 Re8 14. Bc2 Be6 15. Be3
Qe7 16. a4 a5 17. Qc1 Qf8 18. b3 d5 19. exd5 Bxd5 20. Bxg6 fxg6 21. Nxe5 Bxe5
22. dxe5 Rxe5 23. c4 Bf7 24. Bd4 Rxe1+ 25. Qxe1 Nd7 26. Qc3 Nc5 27. Qe3 Ne6 28.
Bc3 Qc5 29. Ne4 Qxe3 30. fxe3 Rd8 31. Bxa5 Rd3 32. b4 Rxe3 33. Nd6 Nf4 34. Nxf7
Kxf7 35. Rf1 g5 36. Bc7 Ke6 37. Bxf4 gxf4 38. Rxf4 Rb3 39. c5 g5 40. Rg4 Kf5
41. Rc4 h5 42. b5 Ke5 43. bxc6 bxc6 44. Rc1 Kd4 45. Ra1 Kxc5 46. a5 Rb8 47.
Rc1+ Kd6 48. a6 Ra8 49. Ra1 c5 50. Rf1 Ke5 51. Ra1 Kd4 52. Rf1 Ke5 53. Ra1 Kd5
54. a7 Kc6 55. Ra6+ Kb5 56. Rg6 Rxa7 57. Rxg5 Kb4 58. Rg8 c4 59. Kf2 c3 60.
Rb8+ Kc4 61. Rc8+ Kb3 62. g4 hxg4 63. hxg4 c2 64. Rb8+ Ka2 65. Rc8 Kb1 66. Rb8+
Kc1 67. Rc8 Ra4 68. g5 Kd2 69. Kf3 c1=Q 0-1

[Event "Barbera op"]
[Site "Barbera del Valles"]
[Date "2013.07.11"]
[Round "8"]
[White "Amores Gago, J."]
[Black "Alonso Moyano, J."]
[Result "0-1"]
[WhiteElo "2167"]
[BlackElo "2420"]
[PlyCount "98"]
[EventDate "2013.??.??"]
[EventType "swiss"]
[EventRounds "9"]

1. e4 c5 2. Nc3 a6 3. g4 b5 4. Bg2 Bb7 5. d3 e5 6. Nh3 Ne7 7. Nd5 Nxd5 8. exd5
d6 9. O-O Be7 10. c4 O-O 11. Re1 Nd7 12. Qe2 Re8 13. g5 Nf8 14. f4 exf4 15.
Bxf4 Ng6 16. Qd2 bxc4 17. dxc4 a5 18. Re4 Bc8 19. Bg3 Bf5 20. Re2 Rf8 21. Bf4
Bxh3 22. Bxh3 Nxf4 23. Qxf4 Bxg5 24. Qg4 Bf6 25. Rf1 Rb8 26. b3 g6 27. Kh1 Kg7
28. Ref2 Be5 29. Qe4 f5 30. Qg2 Kh8 31. Re2 Qh4 32. Qf3 Rf6 33. Rff2 Rbf8 34.
Bf1 g5 35. Qh3 Qxh3 36. Bxh3 g4 37. Bf1 f4 38. Re4 h5 39. h3 Bd4 40. Rc2 g3 41.
Kg2 f3+ 42. Kxg3 Rg8+ 43. Kh4 Rf5 44. Rxd4 cxd4 45. Rf2 Re8 46. Bd3 Rf4+ 47.
Kg5 Rff8 48. Bf1 Re3 49. Kxh5 d3 0-1

[Event "Barbera op"]
[Site "Barbera del Valles"]
[Date "2013.07.11"]
[Round "8"]
[White "Aryan, Ch"]
[Black "Anurag, M."]
[Result "1-0"]
[WhiteElo "2122"]
[BlackElo "2418"]
[PlyCount "65"]
[EventDate "2013.??.??"]
[EventType "swiss"]
[EventRounds "9"]

1. e4 c5 2. Nf3 e6 3. d4 cxd4 4. Nxd4 a6 5. c4 Nf6 6. Nc3 Qc7 7. a3 h5 8. b4
Nc6 9. f3 Nxd4 10. Qxd4 Bd6 11. Qe3 h4 12. f4 Nh5 13. e5 Be7 14. g4 hxg3 15.
hxg3 Qc6 16. Rh3 f5 17. exf6 Bxf6 18. g4 d5 19. Qd3 dxc4 20. Qg6+ Kf8 21. gxh5
e5 22. f5 e4 23. h6 e3 24. hxg7+ Bxg7 25. Rxe3 Bf6 26. Bg2 Rh1+ 27. Bxh1 Qxh1+
28. Kd2 Qh2+ 29. Kd1 Qd6+ 30. Kc2 Bd7 31. Ne4 Qh2+ 32. Kb1 Bd4 33. Nd6 1-0

[Event "Barbera op"]
[Site "Barbera del Valles"]
[Date "2013.07.11"]
[Round "8"]
[White "Bijlsma, N."]
[Black "Arjun, B."]
[Result "1-0"]
[WhiteElo "2166"]
[BlackElo "2298"]
[PlyCount "121"]
[EventDate "2013.??.??"]
[EventType "swiss"]
[EventRounds "9"]

1. e4 c5 2. Nf3 d6 3. d4 cxd4 4. Nxd4 Nf6 5. Nc3 g6 6. Be2 Bg7 7. O-O O-O 8.
Bg5 Nc6 9. Nb3 Be6 10. f4 Qc8 11. h3 Rd8 12. Bf3 a5 13. Nd5 Bxd5 14. exd5 Nb4
15. c3 Na6 16. a4 h6 17. Bh4 Qc4 18. Bf2 Nc7 19. Bb6 Rdc8 20. Kh1 Ncxd5 21.
Nxa5 Qa6 22. Bxd5 Nxd5 23. Qxd5 Qxb6 24. Nb3 e6 25. Qb5 Qc7 26. a5 d5 27. Ra4
h5 28. Rb4 Bf8 29. Ra4 Ra6 30. Rfa1 Bd6 31. f5 exf5 32. Qxd5 Bg3 33. Nd4 Re8
34. Nf3 Qe7 35. Rf1 Qe2 36. Raa1 Qxb2 37. Ng5 Rf6 38. Rab1 Qxc3 39. Rxb7 Re1
40. Rb1 Re5 41. Qd8+ Kg7 42. Rb8 Re8 43. Qxe8 Bxb8 44. Qxb8 Qxa5 45. Qf4 Qc3
46. Kh2 Rc6 47. Rd1 Rc4 48. Qd6 Qf6 49. Qd5 Rc2 50. Nf3 Re2 51. Re1 Rc2 52. Ne5
Rc7 53. Nd7 Qd8 54. Qe5+ Kh6 55. Nf6 Rc2 56. Qe3+ Kg7 57. Ne8+ Kh7 58. Qe5 Kh6
59. Qg7+ Kg5 60. Qe5 Qd2 61. h4+ 1-0

[Event "Barbera op"]
[Site "Barbera del Valles"]
[Date "2013.07.11"]
[Round "8"]
[White "Bivol, A."]
[Black "Rishi, S."]
[Result "0-1"]
[WhiteElo "2207"]
[BlackElo "2316"]
[PlyCount "108"]
[EventDate "2013.??.??"]
[EventType "swiss"]
[EventRounds "9"]

1. e4 c5 2. Nf3 d6 3. d4 cxd4 4. Nxd4 Nf6 5. Nc3 a6 6. h3 e5 7. Nde2 h5 8. Bg5
Be6 9. Nd5 Bxd5 10. exd5 Qa5+ 11. Nc3 Ne4 12. Bd2 Nxd2 13. Qxd2 g6 14. Ne4
Qxd2+ 15. Nxd2 Nd7 16. Be2 Bh6 17. Nc4 Ke7 18. O-O Rac8 19. c3 Rc5 20. b4 Rc7
21. Rfd1 Nf6 22. Nxe5 Rxc3 23. Nc4 Kd7 24. a4 Re8 25. Bf1 Re4 26. Na5 Rxb4 27.
Rab1 Rxa4 28. Rxb7+ Rc7 29. Rxc7+ Kxc7 30. Nc4 Ra2 31. g3 Ne4 32. Re1 f5 33.
Bg2 Nd2 34. Re7+ Kd8 35. Rh7 Ra1+ 36. Kh2 Nxc4 37. Rxh6 Ra2 38. Rxg6 Rxf2 39.
Kg1 Ra2 40. Bf1 Ne5 41. Rg8+ Ke7 42. Bg2 a5 43. Rg7+ Kf6 44. Rh7 a4 45. Rxh5 a3
46. Rh6+ Kg7 47. Rxd6 Rb2 48. Ra6 a2 49. Ra7+ Kf6 50. Ra6+ Kf7 51. Ra7+ Kf6 52.
Ra6+ Ke7 53. Ra7+ Kd6 54. Ra6+ Kc5 0-1

[Event "Barbera op"]
[Site "Barbera del Valles"]
[Date "2013.07.11"]
[Round "8"]
[White "Cruz Lledo, P."]
[Black "Lorenzo de la Riva, L."]
[Result "0-1"]
[WhiteElo "2258"]
[BlackElo "2433"]
[PlyCount "96"]
[EventDate "2013.??.??"]
[EventType "swiss"]
[EventRounds "9"]

1. d4 Nf6 2. c4 e6 3. Nc3 Bb4 4. Qc2 d6 5. a3 Bxc3+ 6. Qxc3 b6 7. Bg5 h6 8. Bh4
Bb7 9. f3 Nbd7 10. e3 e5 11. Bd3 e4 12. Bxe4 Nxe4 13. Bxd8 Nxc3 14. Bxc7 Ke7
15. c5 Nb5 16. cxd6+ Nxd6 17. Bxd6+ Kxd6 18. Kd2 f5 19. Ne2 Nf6 20. Nf4 Rhe8
21. Nd3 Rac8 22. Rac1 Rxc1 23. Rxc1 g5 24. Ne5 Bd5 25. h3 Nd7 26. Nd3 h5 27.
Rh1 Bc4 28. Nf2 Nf6 29. Re1 Bd5 30. Nd3 g4 31. hxg4 hxg4 32. Ne5 Rh8 33. fxg4
fxg4 34. Rf1 Ne4+ 35. Kd3 Rh2 36. Rf4 Rxg2 37. Rxe4 Bxe4+ 38. Kxe4 g3 39. Kf3
Rg1 40. e4 b5 41. Nf7+ Ke6 42. Ne5 Kf6 43. Nc6 Kg5 44. e5 Kh4 45. e6 Rf1+ 46.
Kg2 Rf2+ 47. Kg1 Kh3 48. e7 Rxb2 0-1

[Event "Barbera op"]
[Site "Barbera del Valles"]
[Date "2013.07.11"]
[Round "8"]
[White "Cruz Sanchez, C."]
[Black "Aloma Vidal, R."]
[Result "1-0"]
[WhiteElo "2499"]
[BlackElo "2421"]
[PlyCount "117"]
[EventDate "2013.??.??"]
[EventType "swiss"]
[EventRounds "9"]

1. d4 Nf6 2. c4 g6 3. g3 Bg7 4. Bg2 O-O 5. Nc3 d6 6. Nf3 Nbd7 7. O-O e5 8. e4
c6 9. h3 Qa5 10. Re1 exd4 11. Nxd4 Ne5 12. Bf1 Re8 13. a3 Be6 14. b4 Qb6 15.
Be3 Nxc4 16. Bxc4 Bxc4 17. Nf5 Qc7 18. Nxg7 Kxg7 19. Qd4 b5 20. Rad1 Rad8 21.
Bf4 c5 22. bxc5 Qxc5 23. Bxd6 Qxd4 24. Rxd4 Ng8 25. Red1 Rc8 26. Nd5 Bb3 27.
Rb1 Bxd5 28. exd5 Red8 29. Be5+ f6 30. Bf4 a6 31. a4 Rc5 32. axb5 Rxb5 33. Rbd1
Ne7 34. d6 Nf5 35. Rc4 Rb7 36. g4 Nh4 37. Rc7+ Rxc7 38. dxc7 Rxd1+ 39. Kh2 Nf3+
40. Kg2 Nh4+ 41. Kh2 g5 42. c8=Q gxf4 43. Qc7+ Kh8 44. Qxf4 Kg7 45. Qc7+ Kg8
46. Qe7 Nf3+ 47. Kg3 Ng5 48. Kg2 Nf7 49. Qxf6 Rd6 50. Qf5 Kg7 51. Qa5 Rc6 52.
Qd5 Rd6 53. Qc5 Re6 54. h4 h6 55. f4 Re2+ 56. Kf3 Rh2 57. Kg3 Rh1 58. g5 a5 59.
Qd4+ 1-0

[Event "Barbera op"]
[Site "Barbera del Valles"]
[Date "2013.07.11"]
[Round "8"]
[White "Dalo, H."]
[Black "Martinez Ramirez, E."]
[Result "1/2-1/2"]
[WhiteElo "2148"]
[BlackElo "2306"]
[PlyCount "95"]
[EventDate "2013.??.??"]
[EventType "swiss"]
[EventRounds "9"]

1. d4 d6 2. Nf3 g6 3. c4 Bg7 4. e4 c5 5. d5 Nf6 6. Nc3 O-O 7. h3 e6 8. Bd3 exd5
9. exd5 Re8+ 10. Be3 a6 11. O-O Nbd7 12. a4 b6 13. Qd2 Ne5 14. Nxe5 dxe5 15.
Bg5 Qd6 16. Rae1 Nd7 17. f4 f5 18. fxe5 Nxe5 19. b3 Bd7 20. Bc2 Nf7 21. Bf4 Qf6
22. Nd1 Qd4+ 23. Qxd4 Bxd4+ 24. Kh1 b5 25. axb5 axb5 26. Bd3 b4 27. Be3 Bxe3
28. Rxe3 Rxe3 29. Nxe3 Ra2 30. Kg1 Rd2 31. Rd1 Rb2 32. Rb1 Rxb1+ 33. Bxb1 Kg7
34. Kf2 Kf6 35. Bd3 h6 36. Nc2 g5 37. Ke3 f4+ 38. Kf2 h5 39. Be2 g4 40. hxg4
hxg4 41. Ne1 Bf5 42. g3 Ke5 43. Bd3 fxg3+ 44. Kxg3 Nd6 45. Bxf5 Kxf5 46. Nd3
Ne4+ 47. Kg2 Kg5 48. Kh2 1/2-1/2

[Event "Barbera op"]
[Site "Barbera del Valles"]
[Date "2013.07.11"]
[Round "8"]
[White "Diaz Camallonga, C."]
[Black "Sanchez Guirado, F."]
[Result "0-1"]
[WhiteElo "2216"]
[BlackElo "2339"]
[PlyCount "60"]
[EventDate "2013.??.??"]
[EventType "swiss"]
[EventRounds "9"]

1. e4 d5 2. exd5 Qxd5 3. Nf3 Bg4 4. Be2 Nc6 5. d4 O-O-O 6. Be3 e5 7. c4 Qa5+ 8.
Bd2 Bb4 9. d5 Bxf3 10. Bxf3 Nd4 11. Nc3 Qa6 12. b3 Qa5 13. Rc1 f5 14. Be2 Nf6
15. O-O Rhe8 16. Re1 Kb8 17. Nb1 c6 18. Bxb4 Qxb4 19. Bf3 cxd5 20. Bxd5 Nxd5
21. cxd5 Rxd5 22. Qh5 Red8 23. h3 Rc5 24. Rcd1 h6 25. Qg6 Rcd5 26. Rc1 Rc5 27.
Rcd1 Rc7 28. Nd2 Rcd7 29. Qh5 g6 30. Qxg6 Nc6 0-1

[Event "Barbera op"]
[Site "Barbera del Valles"]
[Date "2013.07.11"]
[Round "8"]
[White "Flores Rios, M."]
[Black "Grigoryan, KH."]
[Result "1-0"]
[WhiteElo "2492"]
[BlackElo "2550"]
[PlyCount "101"]
[EventDate "2013.??.??"]
[EventType "swiss"]
[EventRounds "9"]

1. d4 Nf6 2. c4 e6 3. g3 d5 4. Nf3 c5 5. cxd5 cxd4 6. dxe6 Bxe6 7. Nxd4 Bc5 8.
e3 Bxd4 9. Bb5+ Nc6 10. Qxd4 Qe7 11. Bxc6+ bxc6 12. b3 c5 13. Qh4 Bd5 14. O-O
Qe5 15. Qa4+ Kf8 16. Ba3 Ne4 17. Qd4 Qxd4 18. exd4 Ng5 19. Rc1 Nf3+ 20. Kg2
Nxd4+ 21. Kf1 Kg8 22. Bxc5 Nf3 23. h4 Re8 24. Be3 Nh2+ 25. Ke2 Ng4 26. Rc7 Nxe3
27. fxe3 h5 28. Nc3 Be6 29. Rxa7 Rh6 30. Ra4 Bg4+ 31. Kd2 Rf6 32. Rf4 Rd6+ 33.
Rd4 Rf6 34. Re1 Rf3 35. a4 Rxg3 36. a5 Ra8 37. b4 Rh3 38. Ra1 Rxh4 39. a6 Rh2+
40. Kd3 Rb2 41. a7 Bf3 42. Nb5 Rc8 43. e4 Be2+ 44. Ke3 Bxb5 45. a8=Q Rxa8 46.
Rxa8+ Kh7 47. Ra5 Bc6 48. Rd6 Rb3+ 49. Kd2 Be8 50. Rxh5+ Kg8 51. Rd8 1-0

[Event "Barbera op"]
[Site "Barbera del Valles"]
[Date "2013.07.11"]
[Round "8"]
[White "Fluvia Poyatos, Jordi"]
[Black "Smith, T."]
[Result "1-0"]
[WhiteElo "2445"]
[BlackElo "2193"]
[PlyCount "77"]
[EventDate "2013.??.??"]
[EventType "swiss"]
[EventRounds "9"]

1. e4 c5 2. Nf3 d6 3. d4 cxd4 4. Nxd4 Nf6 5. Nc3 a6 6. g3 e5 7. Nb3 Be7 8. Bg2
b5 9. a4 b4 10. Nd5 Nxd5 11. Qxd5 Ra7 12. Be3 Be6 13. Qd3 Ra8 14. O-O O-O 15.
Rfc1 Nd7 16. f4 Nf6 17. h3 a5 18. Kh2 Qb8 19. f5 Bc8 20. c3 Ba6 21. Qd2 Bb7 22.
cxb4 Nxe4 23. Bxe4 Bxe4 24. Nxa5 Bxf5 25. Nc6 Qb7 26. b5 Qd7 27. a5 Bd8 28. b6
Be4 29. Nxe5 Qb5 30. Nc4 Be7 31. b4 d5 32. Na3 Qxb4 33. Qxb4 Bxb4 34. b7 Rad8
35. Bb6 Rde8 36. a6 d4 37. Bxd4 Rd8 38. Nb5 Bd3 39. a7 1-0

[Event "Barbera op"]
[Site "Barbera del Valles"]
[Date "2013.07.11"]
[Round "8"]
[White "Gagare, S."]
[Black "Narciso Dublan, M."]
[Result "1/2-1/2"]
[WhiteElo "2419"]
[BlackElo "2536"]
[PlyCount "110"]
[EventDate "2013.??.??"]
[EventType "swiss"]
[EventRounds "9"]

1. c4 e6 2. g3 d5 3. Bg2 g6 4. d4 Bg7 5. Nf3 Nf6 6. O-O O-O 7. Nc3 Nbd7 8. c5
c6 9. Bf4 Re8 10. Bd6 Bf8 11. Bxf8 Kxf8 12. b4 Qc7 13. Re1 b6 14. e4 a5 15.
exd5 exd5 16. Rxe8+ Nxe8 17. b5 Bb7 18. Nxd5 cxd5 19. c6 Bc8 20. cxd7 Bxd7 21.
Rc1 Qd8 22. Ne5 Be6 23. Rc6 Rc8 24. a4 Rxc6 25. bxc6 f6 26. Nd7+ Bxd7 27. cxd7
Qxd7 28. Qb3 Qc7 29. Bxd5 Nd6 30. Qe3 Qd7 31. Qh6+ Ke8 32. Qe3+ Kd8 33. Qf3 Nf5
34. Be4 Qxa4 35. Bxf5 gxf5 36. Qxf5 Qxd4 37. Qxh7 a4 38. Qa7 Qd1+ 39. Kg2 Qd5+
40. Kg1 Qd1+ 41. Kg2 Qd5+ 42. Kg1 Qa5 43. Qb8+ Kd7 44. Qb7+ Kd6 45. Qb8+ Kd7
46. Qb7+ Kd6 47. Qb8+ Kd5 48. Qb7+ Kd4 49. Qd7+ Kc3 50. Qc6+ Kd2 51. Qd7+ Kc2
52. Qc6+ Kd2 53. Qd7+ Kc2 54. Qc6+ Kb3 55. Qe6+ Kc2 1/2-1/2

[Event "Barbera op"]
[Site "Barbera del Valles"]
[Date "2013.07.11"]
[Round "8"]
[White "Garriga Cazorla, P."]
[Black "Vehi Bach, VM."]
[Result "1/2-1/2"]
[WhiteElo "2071"]
[BlackElo "2308"]
[PlyCount "82"]
[EventDate "2013.??.??"]
[EventType "swiss"]
[EventRounds "9"]

1. d4 Nf6 2. c4 e6 3. Nc3 Bb4 4. e3 O-O 5. Nge2 d5 6. a3 Be7 7. Nf4 c6 8. cxd5
exd5 9. Bd3 Nbd7 10. Qf3 Re8 11. O-O Bd6 12. h3 Qe7 13. Nh5 Ne4 14. Ng3 Nxg3
15. fxg3 Nf6 16. Qf2 Ne4 17. Nxe4 dxe4 18. Bc4 Be6 19. Bxe6 Qxe6 20. Bd2 Rad8
21. Be1 Bc7 22. Qf5 Qb3 23. Bc3 g6 24. Qg5 Qd5 25. Qxd5 Rxd5 26. g4 h5 27. gxh5
Rxh5 28. Kf2 Rd8 29. Rh1 Rf5+ 30. Ke2 Bg3 31. Be1 Bxe1 32. Rhxe1 Rb5 33. b4 a5
34. Reb1 Ra8 35. bxa5 Raxa5 36. a4 Rxa4 37. Rxb5 Rxa1 38. Rxb7 Ra2+ 39. Kf1 Kf8
40. Rc7 Rc2 41. Ra7 Ke8 1/2-1/2

[Event "Barbera op"]
[Site "Barbera del Valles"]
[Date "2013.07.11"]
[Round "8"]
[White "Gomez Jurado, LA."]
[Black "Prasca Sosa, R."]
[Result "0-1"]
[WhiteElo "2273"]
[BlackElo "2426"]
[PlyCount "60"]
[EventDate "2013.??.??"]
[EventType "swiss"]
[EventRounds "9"]

1. c4 e6 2. g3 d5 3. Bg2 c6 4. Nf3 Nf6 5. O-O Be7 6. b3 b6 7. Bb2 Bb7 8. e3
Nbd7 9. Nc3 O-O 10. Rc1 Re8 11. cxd5 exd5 12. Ne2 Rc8 13. Bh3 c5 14. Nf4 Rc7
15. Ne5 Nf8 16. d4 h6 17. Nxf7 Kxf7 18. dxc5 bxc5 19. e4 d4 20. e5 Ne4 21. Be6+
Nxe6 22. Qh5+ Kg8 23. Nxe6 Qd7 24. Nxc7 Rf8 25. f4 Qxc7 26. Bxd4 Nd2 27. Qe2
Nxf1 28. Kxf1 Qc6 29. Ke1 Qh1+ 30. Kd2 Qd5 0-1

[Event "Barbera op"]
[Site "Barbera del Valles"]
[Date "2013.07.11"]
[Round "8"]
[White "Ivanov, S."]
[Black "Rios, CC."]
[Result "1-0"]
[WhiteElo "2555"]
[BlackElo "2360"]
[PlyCount "59"]
[EventDate "2013.??.??"]
[EventType "swiss"]
[EventRounds "9"]

1. d4 Nf6 2. c4 e6 3. Nf3 b6 4. g3 Bb7 5. Bg2 Be7 6. O-O O-O 7. Re1 c5 8. d5
exd5 9. Nh4 Ne4 10. cxd5 Bxh4 11. Bxe4 Bf6 12. Qc2 g6 13. Nc3 d6 14. Bg2 Nd7
15. Ne4 Be7 16. Bh6 Re8 17. Rad1 Ne5 18. Qc3 f5 19. f4 fxe4 20. fxe5 Bg5 21.
Bxg5 Qxg5 22. exd6 Qd8 23. Bh3 Bc8 24. d7 Bxd7 25. Be6+ Bxe6 26. dxe6 Qg5 27.
Rd7 Qh6 28. Rf1 Rxe6 29. Rff7 Rd6 30. Rg7+ 1-0